[Event "Weekend Accademia Inverno"]
[Site "Roma ITA"]
[Date "2011.02.13"]
[Round "5"]
[White "Ballarini, Martin"]
[Black "Paragliola, Gennaro"]
[Result "1-0"]
[WhiteElo "1831"]
[BlackElo "1603"]
[PlyCount "71"]
[EventDate "2011.02.11"]

1. e4 g6 2. d4 d6 3. f4 Nf6 4. Nc3 Bg7 5. Nf3 O-O 6. Bc4 Nc6 7. O-O Na5 8. Bd3
c5 9. e5 dxe5 10. dxe5 Nd5 11. Qe1 e6 12. Ne4 Qb6 13. Kh1 c4 14. Be2 Bd7 15.
Nfg5 h6 16. Qh4 f6 17. exf6 Nxf6 18. Nxf6+ Rxf6 19. Ne4 Rf7 20. Qg3 Bc6 21. Nd6
Rd7 22. f5 gxf5 23. Bxh6 Qd4 24. Rad1 Qxb2 25. Bxc4 Nxc4 26. Nxc4 Qf6 27. Rxd7
Bxd7 28. Bg5 Qd4 29. Ne3 Bc6 30. h4 Kf7 31. Rd1 Qb6 32. Nc4 Qc5 33. Qc7+ Kg6
34. h5+ Kxg5 35. Qxg7+ Kxh5 36. Rd3 1-0

[Event "Weekend Accademia Inverno"]
[Site "Roma ITA"]
[Date "2011.02.13"]
[Round "5"]
[White "Nazzarri, Errico"]
[Black "Gerlando, Onofrio"]
[Result "0-1"]
[WhiteElo "1362"]
[BlackElo "1620"]
[PlyCount "48"]
[EventDate "2011.02.11"]

1. e4 e5 2. Nf3 Nc6 3. Bc4 d6 4. c3 Bg4 5. O-O Nf6 6. d3 Be7 7. Qe1 Bxf3 8.
gxf3 O-O 9. Kh1 Nh5 10. Rg1 Na5 11. b4 Nxc4 12. dxc4 c5 13. b5 a6 14. Rg2 Bh4
15. Be3 Qf6 16. Qg1 Qxf3 17. Nd2 Qf6 18. Bg5 Bxg5 19. Rxg5 Nf4 20. Rf5 Qh6 21.
Nf3 f6 22. Rd1 Rad8 23. Nxe5 dxe5 24. Rxd8 Rxd8 0-1

[Event "Weekend Accademia Inverno"]
[Site "Roma ITA"]
[Date "2011.02.13"]
[Round "5"]
[White "Salvati, Carmine"]
[Black "Squicciarini, Simone"]
[Result "1-0"]
[WhiteElo "1485"]
[BlackElo "1605"]
[PlyCount "65"]
[EventDate "2011.02.11"]

1. d4 d5 2. c4 c6 3. Nc3 Nf6 4. Nf3 g6 5. cxd5 cxd5 6. Bf4 Bg7 7. Bxb8 Rxb8 8.
Qa4+ Bd7 9. Qxa7 O-O 10. Qc5 Rc8 11. Qb4 Rc4 12. Qa3 Ne4 13. e3 Rc8 14. Nxd5
Ra8 15. Qb4 Ra4 16. Qb6 Qa8 17. a3 e6 18. Nc7 Qa5+ 19. Qxa5 Rxa5 20. b4 Ra4 21.
Bb5 Bxb5 22. Nxb5 Rc8 23. Nd2 Nxd2 24. Kxd2 Ra6 25. Rhc1 Rac6 26. Na7 Rxc1 27.
Rxc1 Ra8 28. Rc8+ Rxc8 29. Nxc8 Bf8 30. Kc3 f6 31. Kc4 Kf7 32. Kb5 Ke8 33. Kb6
1-0